Marketing vybranej spoločnosti diplomová práca

Salvato in:
Dettagli Bibliografici
Autore principale: Schwarzová, Róberta
Ente Autore: Obchodná fakulta EU. Katedra marketingu
Altri autori: Rehák, Róbert, 1984-
Natura: Libro
Lingua:slovacco
Pubblicazione: Bratislava 2019
Tags: Aggiungi Tag
Nessun Tag, puoi essere il primo ad aggiungerne!!

MARC

LEADER 00000nbm a2200000 4500
001 0257866
005 20191001103453.2
041 0 |a slo 
044 |a SK 
245 1 0 |a Marketing vybranej spoločnosti  |b diplomová práca  |c Róberta Schwarzová ; školiteľ: Róbert Rehák 
264 1 |a Bratislava  |c 2019 
300 |a 53 s. 
100 1 |a Schwarzová, Róberta 
700 1 |a Rehák, Róbert, 1984- 
710 2 |a Obchodná fakulta EU. Katedra marketingu